Cálculo: primer curso

Guardat en:
Dades bibliogràfiques
Autors principals: Cipriano, Humberto (Autor), Delgado, Roberto (Autor)
Format: Llibre
Idioma:espanyol
Publicat: Santiago Gestión 2000
Col·lecció:Estrategia
Matèries:
Etiquetes: Afegir etiqueta
Sense etiquetes, Sigues el primer a etiquetar aquest registre!

MARC

LEADER 00000nam a2200000 a 4500
001 UCI5799
003 CL-VaPUC
008 080411e20000000CL |||||||||||||||||spa|d
020 |a 9562710327 
082 0 4 |a 515  |b CIP  |2 21 
100 0 |a Cipriano, Humberto  |e author  |9 528434 
700 0 |a Delgado, Roberto  |e author  |9 528435 
245 1 0 |a Cálculo: primer curso 
300 |a 322 p 
942 |c BK 
945 |d 20080411 00:00:00  |a rbrito 
260 |a Santiago  |b Gestión  |c 2000 
650 0 |a Cálculo  |9 260234 
650 0 |a Números reales   |9 270334 
650 0 |a Topología   |9 260092 
650 0 |a Sucesiones   |9 393435 
650 7 |a SERIES  |2 CL-VaPUC  |9 325542 
650 0 |a Funciones   |9 263869 
650 0 |a Derivadas  |9 354237 
583 |a last modification  |c 20080411 00:00:00  |k Rodrigo Vera 
490 0 |a Estrategia 
999 |c 329489  |d 329487 
952 |0 0  |1 0  |4 0  |6 515_000000000000000_CIP_2000  |7 0  |8 A  |9 414261  |a BIBING  |b BIBING  |d 2019-11-22  |i 442736K  |o 515 CIP 2000  |p 442736K  |r 2025-01-20  |w 2019-11-22  |y BK  |k EII